000 00668nas a2200229 4500
001 BR9508326
003 BR-BrBNA
005 20231205095459.0
007 ta
008 230509b bl.|||p| |||| 00| 00por d
040 _aBR-BrBNA
_bpor
_cBiblioteca Nacional de Agricultura
041 _a(Pt)
072 _aE16
100 1 _aYamaguishi, C.T.
100 1 _aCamara, J.J.C. da
245 1 _aCusto de producao da cultura do trigo
650 _aTrigo
650 _aCusto de Producao
773 0 _tAgricultura em Sao Paulo (Brazil)
_xISSN 0044-6793
_g(Mar-Apr 1971), v. 18(3-4) p. 55-68
_wBR9508326
909 _a202311
_bLúcia
_c55
_dLúcia Elande
942 _2AGRIS
_n0
_cANA
999 _c150948
_d150948